Science Quiz

Random Science or Biology Quiz

Most Fatal Cancers Quiz Stats

 Plays Quiz Updated Feb 4, 2014

Support Sporcle.
Go Orange.
Score 0/5 Timer 01:00
0 Plays Today
Rank Cancer Type % Correct
1.Lung (Including Bronchus)
93.6%
3.Breast Cancer
85.4%
4.Pancreatic Cancer
57.6%
2.Colon and Rectal
55.2%
5.Prostate Cancer
50.4%

From the Vault

Banned from Flight

by Hejman

The sad thing is that Penguins are allowed, but they're still flightless.
Remove Ads.
Support Sporcle.
Get the best of Sporcle when you Go Orange. This ad-free experience offers more features, more stats, and more fun while also helping to support Sporcle. Thank you for becoming a member.

Show Comments

Extras

Top Quizzes Today


Score Distribution

Your Account Isn't Verified!

In order to create a playlist on Sporcle, you need to verify the email address you used during registration. Go to your Sporcle Settings to finish the process.

Report this User

Report this user for behavior that violates our Community Guidelines.

Details: